Problémy nové Europy a zahraniční politika československá projevy a úvahy z r. 1919-1924

Bibliographic Details
Main Author: Beneš, Edvard, 1884-1948 (Author)
Format: Book
Language:Czech
PhysicalDescription:306 s. 8°
Published: Praha Melantrich 1924

MARC

LEADER 00000nam a2200000 a 4500
001 vtls001263552
003 SK-MaSNL
005 20260301154947.0
008 240315s1924 xr 0 cze
035 |a SNK000214459 
040 |a SNK  |b slo  |c SNK  |e AACR2 
044 |a xr  |c CZ 
100 1 |a Beneš, Edvard,  |d 1884-1948  |4 aut  |9 110633 
245 1 |a Problémy nové Europy a zahraniční politika československá  |b projevy a úvahy z r. 1919-1924  |c Eduard Beneš 
260 |a Praha  |b Melantrich  |c 1924 
300 |a 306 s.  |c 8° 
999 |c 798697  |d 800627 
952 |t P60, <04>, [BOOK], {604}  |a SNK  |b SNK  |y VYP  |7 0  |p 17A0056322  |o snkIC 12378  |0 0  |1 0  |4 0  |d 1996-10-16  |l 0  |r 2005-01-01 00:00:00  |w 2026-02-24